| 000 | 00874nas a2200289 4500 | ||
|---|---|---|---|
| 001 | BR2010000261 | ||
| 003 | BR-BrBNA | ||
| 005 | 20231205113822.0 | ||
| 007 | ta | ||
| 008 | 230509b bl.|||p| |||| 00| 00por d | ||
| 040 |
_aBR-BrBNA _bpor _cBiblioteca Nacional de Agricultura |
||
| 041 | _a(Pt) | ||
| 072 | _aF30 | ||
| 100 | 1 | _aChielle, Z.G. | |
| 100 | 1 | _aMorales, C.F.G. | |
| 100 | 1 | _aDornelles, M.A. | |
| 100 | 1 | _aTeixeira, C.D. | |
| 100 | 1 | _aBecker, L. | |
| 245 | 1 | _aDesempenho agronômico de cultivares e seleções de mandioca em Rio Pardo, Rio Grande do Sul, Brasil | |
| 650 | _aMANDIOCA | ||
| 650 | _aVARIEDADE | ||
| 650 | _aSELEÇÃO | ||
| 650 | _aRIO GRANDE DO SUL | ||
| 773 | 0 |
_tPesquisa Agropecuária Gaúcha (Brazil) _xISSN 0104-9070 _g(2009), v. 15(1) p. 53-56 _wBR2010000261 |
|
| 909 |
_a202311 _bLúcia _c55 _dLúcia Elande |
||
| 942 |
_2AGRIS _n0 _cANA |
||
| 999 |
_c205787 _d205787 |
||